[Event "FRA-ch op-D"]
[Site "Pau"]
[Date "2012.08.23"]
[Round "9"]
[White "Joyeux, Chloe"]
[Black "Bruneau, Maylis"]
[Result "1-0"]
[WhiteElo "1432"]
[BlackElo "1402"]
[PlyCount "63"]
[EventDate "2012.08.14"]
[EventType "swiss"]
[EventRounds "11"]
[EventCountry "FRA"]
[SourceTitle "EXT 2014"]
[Source "ChessBase"]
[SourceDate "2013.11.20"]
[SourceVersion "1"]
[SourceVersionDate "2013.11.20"]
[SourceQuality "1"]

1. e4 c5 2. c3 Nc6 3. d4 cxd4 4. cxd4 g6 5. Nf3 Bg7 6. Nc3 e6 7. Bf4 Nge7 8. Be2 a6 9. 0-0 0-0 10. Qd2 b5 11. a3 Qb6 12. Rfd1 Bb7 13. Bh6 d5 14. e5 Nf5 15. Bxg7 Kxg7 16. Bf1 Rac8 17. Ne2 Rc7 18. Qg5 f6 19. exf6+ Rxf6 20. Nf4 Kf7 21. Ne5+ Ke7 22. Ng4 Kf8 23. Nxf6 Rf7 24. Nxe6+ Ke7 25. Nxd5+ Kxe6 26. Nxb6 Nfxd4 27. Qd5+ Ke7 28. Rxd4 Nxd4 29. Qxb7+ Kf6 30. Qxa6 Kg7 31. Rd1 Ne6 32. Rd7 1-0

[Event "FRA-ch op-D"]
[Site "Pau"]
[Date "2012.08.19"]
[Round "6"]
[White "Joyeux, Chloe"]
[Black "Brivet Naudot, Cyril"]
[Result "0-1"]
[WhiteElo "1432"]
[BlackElo "1499"]
[PlyCount "114"]
[EventDate "2012.08.14"]
[EventType "swiss"]
[EventRounds "11"]
[EventCountry "FRA"]
[SourceTitle "EXT 2014"]
[Source "ChessBase"]
[SourceDate "2013.11.20"]
[SourceVersion "1"]
[SourceVersionDate "2013.11.20"]
[SourceQuality "1"]

1. e4 e5 2. Nf3 Nf6 3. Nxe5 d6 4. Nf3 Nxe4 5. Nc3 Nxc3 6. dxc3 Be7 7. Be3 Bg4 8. Bd3 Nd7 9. h3 Bh5 10. g4 Bg6 11. Bxg6 hxg6 12. Qd2 Nf6 13. 0-0-0 Qd7 14. Qd3 Qc6 15. Nd4 Qe4 16. Qxe4 Nxe4 17. Nb5 Kd7 18. f4 a6 19. Nd4 Rh7 20. Nf3 Rah8 21. Ng1 Rh4 22. g5 f6 23. Rd4 Ng3 24. Rh2 Nf5 25. Bf2 Nxd4 26. Bxh4 Rxh4 27. gxf6 gxf6 28. cxd4 Rxf4 29. Ne2 Rh4 30. c3 f5 31. b3 g5 32. d5 g4 33. Nd4 g3 34. Rg2 f4 35. Nf3 Rxh3 36. Kc2 Bf6 37. Kd3 Be5 38. c4 Rh1 39. Ke2 c6 40. dxc6+ Kxc6 41. Rg1 Rxg1 42. Nxg1 Kc5 43. Kd3 Bd4 44. b4+ Kxb4 45. Kxd4 b5 46. cxb5 axb5 47. Ke4 Ka3 48. Kxf4 g2 49. Kg3 Kxa2 50. Kxg2 b4 51. Ne2 Kb3 52. Kf3 Kc4 53. Nc1 b3 54. Nxb3 Kxb3 55. Ke4 Kc4 56. Ke3 d5 57. Ke2 Kc3 0-1